header

Engineering and the advancement of human welfare (Record no. 41016)

MARC details
000 -LEADER
fixed length control field 01595nam a2200409 a 4500
245 00 - TITLE STATEMENT
Title Engineering and the advancement of human welfare
260 ## - PUBLICATION, DISTRIBUTION, ETC. (IMPRINT)
Place of publication Washington, D.C. :
Name of publisher Office of Public Awareness, The Academy,
Year of publication c1989.
300 ## - PHYSICAL DESCRIPTION
Number of Pages 48 p. :
Other physical details col. ill.
500 ## - GENERAL NOTE
General note "NAE 25."
650 #0 - SUBJECT ADDED ENTRY--TOPICAL TERM
Topical Term Space flight to the moon.
Topical Term Scientific satellites.
Topical Term Microprocessors.
Topical Term CAD/CAM systems.
Topical Term Diagnostic imaging.
Topical Term Composite materials.
Topical Term Jet transports.
Topical Term Lasers.
Topical Term Optical communications.
Topical Term Genetic engineering.
856 40 - ELECTRONIC LOCATION AND ACCESS
Uniform Resource Identifier http://site.ebrary.com/lib/rucke/Doc?id=10225203

No items available.

© 2026 Rongo University
Contact us: librarian | system librarian | Rongo university